000 00831nam a2200241Ia 4500
003 GCL
008 140319s9999 xx 000 0 ara d
020 _a4260314977
040 _aGCL /
_cGCL
082 0 4 _a362.4
_bح ا
100 1 _aحسن مصطفى عبدالمعطي
245 1 0 _aالاعاقة الجسمية /
_cحسن مصطفى عبدالمعطي
250 _aالاولى
260 _aالقاهرة :
_bمكتبة زهراء الشرق ،
_c2005
300 _a190 ص ؛
_c28 سم
490 _aفى الصحة النفسية
_v4
650 0 4 _aالتخلف العقلى
650 0 4 _aالاطفال بطيئو التعلم
650 0 4 _aالاطفال المعوقون
650 0 4 _aالاطفال الصم - لغة
650 0 4 _aالاطفال المعوقون - رعاية ذهنية
942 _2ddc
_cBK
999 _c58011
_d58011